01007 2200337 4500001002100000005001500021035002000036007000300056008004100059020002200100040002200122082001900144084002100163090002500184090002200209100002700231245007100258250001200329300006700341650001700408700003100425850001200456504003400468264003000502264001900532336002100551337003000572338002300602999002200625990002200647INLIS00000000085570820200625103606 a0010-0620000121ta200625t2019 yoia g | ind d a978-979-29-9992-1 aYOPDYOGbinderda04223a621.312136 a621.312136 SYU e aDEP 621.312136 SYU e aCB-D.11 2019-26430 aSyukri Himranepenulis10aEnergi angin /cpenulis, Syukri Himran; penyunting, Giovanny Rizky aEdisi I ax, 214 halaman :bilustrasi, gambar, tabel , lampiran ;c23 cm 4aTenaga angin0 aGiovanny Rizkyepenyunting aYOPDYOG aBibliografi : halaman 199-20131aYogyakarta :bANDI,c201931a©2019 penulis 2rdacontentateks 2rdamediaatanpa perantara 2rdacarrieravolume aCB-D.11/2019-2643 aCB-D.11/2019-2643